| 000 | 00729nam a22002057a 4500 | ||
|---|---|---|---|
| 999 |
_c19993 _d19993 |
||
| 003 | AR-CdUCM | ||
| 008 | 190524b ||||| |||| 00| 0 spa d | ||
| 040 |
_aMUNICIPALIDAD PROVINCIAL DEL CUSCO _cBIBLIOTECA MUNICIPAL DEL CUSCO |
||
| 082 |
_a327.85 / _bU47 |
||
| 100 |
_aUlloa Sotomayor, Alberto _941825 |
||
| 245 | _aPosición internacional del Perú / | ||
| 260 |
_aLima : _bImpr. Torres Aguirre, _c1941. |
||
| 300 |
_a404 páginas ; _c25 cm. |
||
| 505 | _aContenido: Ecuador -- Colombia -- Brasil -- Bolivia -- Chile -- Japón -- Posición continental. | ||
| 650 |
_aRelaciones exteriores _94428 |
||
| 650 |
_aAmérica Latina _91130 |
||
| 650 |
_aAmérica Latina _91130 |
||
| 942 |
_2ddc _cLIBROS |
||
| 945 |
_adavv _d2019-05-24 |
||